Obálka Náhled e-knihy:
PDF Epub
Pro půjčování e-knih musíte být přihlášeni.
Jak si půjčit online?

Mráz /

Fantasy romance americké autorky. Šestadvacetiletá Ava má zlomené srdce a už nemá co ztratit. Přijme proto nabídku účasti v nebezpečném turnaji.

Uloženo v:
Série:Mráz a Nektar, část 1
Hlavní autor: Crawford, C. N. (Autor)
Další autoři: Brožová, Eva (Autor)
Médium: E-kniha
Jazyk:Czech
Vydáno: Praha : Fragment, 2024
Vydání:1. vydání
Témata:
Příbuzné jednotky:Z cyklu:: Mráz a Nektar
Tagy:
Žádné tagy
LEADER 02469nam a2200445 i 4500
001 312352
003 CZ PrSKC
005 20260601215721.0
007 ta
008 240425s2024 xr g 000 f cze
015 |a cnb003602977 
020 |a 9788025367384  |q (brožováno) :  |c Kč 399,00 
035 |a (OCoLC)1438773673 
040 |a ABG001  |b cze  |d ABA001  |e rda 
041 1 |a cze  |h eng 
072 7 |a 821.111(73)-3  |x Americká próza  |2 Konspekt 
080 |a 821.111(73)-31  |2 MRF 
080 |a (0:82-312.9)  |2 MRF 
100 1 |a Crawford, C. N.  |7 xx0316850  |4 aut 
240 1 0 |a Frost.  |l Česky 
245 1 0 |a Mráz /  |c C.N. Crawford ; z anglického originálu Frost ... přeložila Eva Brožová 
250 |a 1. vydání 
264 1 |a Praha :  |b Fragment,  |c 2024 
300 |a 292 stran ;  |c 21 cm 
336 |a text  |b txt  |2 rdacontent 
337 |a bez média  |b n  |2 rdamedia 
338 |a svazek  |b nc  |2 rdacarrier 
520 2 |a Fantasy romance americké autorky. Šestadvacetiletá Ava má zlomené srdce a už nemá co ztratit. Přijme proto nabídku účasti v nebezpečném turnaji.  |b Jmenuju se Ava a mám za sebou ty nejhorší narozeniny v životě, protože jsem nachytala svého kluka v posteli s jinou holkou. V tu chvíli jsem se ocitla na ulici, opilá a pevně rozhodnutá zůstat navždy singl. A taky jsem urazila vílího krále Torina. Jenže místo aby mě potrestal, nabídl mi účast v turnaji, z nějž má vzejít jeho manželka, a padesát milionů k tomu. Co bych tak asi mohla ztratit? Brzy se ukáže, že srdce i život. Torinovu kouzlu je téměř nemožné odolat a moje soupeřky klidně půjdou přes mrtvoly... Nakladatelská anotace. 
655 7 |a americké romány  |7 fd131796  |2 czenas 
655 7 |a fantasy romány  |7 fd184199  |2 czenas 
655 9 |a American fiction  |2 eczenas 
655 9 |a fantasy novels  |2 eczenas 
700 1 |a Brožová, Eva  |7 jn20010309864  |4 trl 
787 0 8 |i Z cyklu:  |t Mráz a Nektar  |g 1 
900 |a ABA001  |b 21 
928 9 |a Albatros Media - Fragment 
044 |a xr 
910 |a RBIT002 
998 |d 402861  |a https://core.palmknihy.cz/api/books/402861/cover?sbvlys  |b https://core.palmknihy.cz/api/books/402861/cover/400?sbvlys  |c https://core.palmknihy.cz/api/books/402861/cover/50?sbvlys  |e 2028-03-03  |g 296  |i 9788025367384  |j https://core.palmknihy.cz/api/books/402861/preview.epub  |k https://core.palmknihy.cz/api/books/402861/preview.pdf  |l   |q 49  |r 1  |s https://www.palmknihy.cz/kniha/402861  |t ebook  |y 2024  |z 0  |v Mráz  |w 1 
999 |d 312350